MDQL
is popping MORE tags! Check the
thread
!
Quizzes
Events
Quiz Creation
Community
Videos
Private Events
Remove Ads
Sign In
Join for FREE
Feedback
Dark Mode
Quiz Categories
Sports
Geography
Music
Movies
Television
Just For Fun
Miscellaneous
History
Literature
Language
Science
Gaming
Entertainment
Religion
Holiday
For Kids
Quiz Lab
Recent
Popular Today
Quiz Kudos Today
Editor Picks
Curator Picks
Quizzes by...
Day
Popularity
Type
Ratings
Length
Year
Community
Subscriptions
Recent Discussions
Orange Saloon
Badges
Playlists
Quests
Create
Leaderboards
Showdown
Live 5
Trivia Bingo
Activity
Puzzle Library
Sporcle Events
Private Events
Virtual Trivia
Globe League
Become a Host
Pub Owners
SporcleCon
Opinionation
Our Games
Videos
Blog
Mobile Apps
Partnerships
Remove Ads and Go Orange
Feedback
Sports
Athletes
MLB
NBA
NHL
NFL
Soccer
Sports Teams
WWE
NCAA
Football
Premier League
Basketball
Baseball
Hockey
Golf
Tennis
Cricket
Rugby
Auto Racing
Olympics
World Cup
Sports
Athletes
MLB
NBA
NHL
NFL
Soccer
Sports Teams
WWE
NCAA
Football
Premier League
Basketball
Baseball
Hockey
Golf
Tennis
Cricket
Rugby
Auto Racing
Olympics
World Cup
Random Quiz
Search Sporcle
×
Quiz Lab
Quiz Lab
Sports
Against
Type in answers that appear in a list
Type in answers that appear in a list
Classic
Best Score? Go Orange.
TNA Against All Odds Main Events Stats
Can you name the TNA Against All Odds Main Events?
By
wogstyles
3m
20 Questions
44 Plays
44 Plays
44 Plays
Comments
Comments
Give Quiz Kudos
Give Quiz Kudos
-
- Ratings
hide this ad
Replay
Link that replays current quiz
Next Quiz
Link to next quiz in quiz playlist
You Got
0%
They Got
Avg Score
92%
Avg Friend Score
Upgrade to see
Score Distribution
Jump to the score distribution portion of the page
Score
0/20
Timer
03:00
0
Plays Today
PPV
Main Event
% Correct
Against All Odds 2012
Bobby Roode
100%
Against All Odds 2007
Kurt Angle
97.7%
Against All Odds 2008
Kurt Angle
97.7%
Against All Odds 2009
Kurt Angle
97.7%
Against All Odds 2011
Jeff Hardy
97.7%
Against All Odds 2012
Jeff Hardy
97.7%
Against All Odds 2009
Sting
95.5%
Against All Odds 2011
Mr. Anderson
95.5%
Against All Odds 2005
Jeff Jarrett
93.2%
Against All Odds 2006
Jeff Jarrett
93.2%
PPV
Main Event
% Correct
Against All Odds 2012
James Storm
93.2%
Against All Odds 2010
Mr. Anderson
93.2%
Against All Odds 2006
Christian Cage
90.9%
Against All Odds 2007
Christian Cage
90.9%
Against All Odds 2008
Christian Cage
90.9%
Against All Odds 2009
Brother Ray
88.6%
Against All Odds 2005
Kevin Nash
86.4%
Against All Odds 2009
Brother Devon
86.4%
Against All Odds 2012
Bully Ray
84.1%
Against All Odds 2010
Pope D' Angelo Dinero
75%
Quiz Playlist
Details
Report
Send in Message
Add To Playlist
Classic:
Type in answers that appear in a list
Last Updated: Feb 16, 2017
Quiz Scoreboard
CHALLENGE
Sign Up to Join the Scoreboard
Show All
Scores
Hide
Comments
May contain spoilers
Recently Published
Two Season TV Shows II
by 123Four
Television
10m
Image Sorting: Flags VI
by Barbecue
Geography
2m
Find the 'City' Movie
by crazypaving
Movies
60s
More to Explore
Quiz From the Vault
Featured Blog Post
14 Easter Pick-up Lines to Find Eggs With
hide this ad
You Might Also Like...
Tags
Against
Main Event
odd
PPV
tna
Today's Top Quizzes in Sports
Browse Sports
hide this ad
Today's Top Quizzes in Against
Browse Against
Top Contributed Quizzes in Sports
1
Les meilleurs buteurs des matchs entre le PSG et l’OM
2
Les entraîneurs de l'OM et du PSG au 21e siècle
3
2022 World Cup Stars
4
Les joueurs passés par le PSG et l'OM
5
Players with Multiple 50 Home Run Seasons
6
FIFA Club World Cup Champions
7
Criteria MLB: Left Handed Sluggers
8
Les joueurs passés par le LOSC et le RC Lens
9
Top 10 NHL Goal Scorers of All Time
10
MLB Players with Two .350 Batting Average Seasons
Explore More
Trending Topics
NBA
Crossword
Anime
Disney
Marvel
Kpop
Harry Potter
The Office
Country
Pokémon
Soccer
Puzzle
Song
NFL
WWE
hide this ad
More By:
wogstyles
Quiz
Plays
Rating
Category
Featured
Created
WWE World Heavyweight Championship PPV Matches
5,129
4.69
Sports
Apr 18, 2012
WWE Championship PPV Matches
2,237
4.80
Sports
May 3, 2012
TNA World Heavyweight Championship PPV Matches
1,384
4.18
Sports
Apr 18, 2012
WWE Smackdown Only PPV Main Events
946
2.25
Sports
May 4, 2012
WWE Raw Only PPV Main Events
891
3.80
Sports
May 4, 2012
Go to Creator's Profile
Score Distribution
Quiz Creator Spotlight
wogstyles
Follow
Send a Message
Quizzes Created
-
Created Quiz Play Count
-
More By This Creator
Popular Quizzes Today
1
Find the US States - No Outlines Minefield
2
Colored Red Africa Blitz
3
Find the 'City' Movie
4
5x2 Blitz: Bands
5
The Countries of the World
6
Find the Countries of Europe - No Outlines Minefield
7
Find the US States
8
US States
More Sports Quizzes
Chelsea Biggest Transfer Profits
Quiz Lab
Trending Quizzes
Colored Red Europe Blitz I
Colored Red Africa Blitz II
Colored Red Europe Blitz II
Colored Red Africa Blitz III
Colored Red Europe Blitz III
Recently Updated
How Do You Spell That?
pecheneg
Godzilla Movies
pecheneg
Grab Bag: 4-10 Letters
pecheneg
2024 March Madness Bracket
pecheneg
Famous TV Couples
Peacemaker
Champions League XIs: Real Madrid
pecheneg
Largest US Cities 1790-2010
pecheneg
Rides in Walt Disney World
pecheneg
Most Oscar Losses (Acting)
pecheneg
Beyoncé Albums
pecheneg
Trending Topics
Anime
Marvel
Crossword
NBA
Disney
Kpop
Harry Potter
The Office
Pokémon
NFL
Country
Soccer
Puzzle
Song
WWE
Your Account Isn't Verified!
In order to create a playlist on Sporcle, you need to verify the email address you used during registration. Go to your
Sporcle Settings
to finish the process.
Report this User
Report this user for behavior that violates our
Community Guidelines
.
Details:
Send Report
Go to the Sporcle.com Mobile Site →
Comments